000 01034nam0a22002891 4500
001 rc\3436835
005 20260407123531.0
021 _aRU
_bРг7496-73
035 _a(NLR Aleph) 007566066
090 _a5353430
_c5353430
100 _a20130115d1972 |||y0rusy50 ca
101 0 _arus
102 _aRU
105 _ay c |||||
200 1 _aОсновы правовых знаний
_eКраткий указ. литературы
_fЦентр. воен.-мор. б-ка
210 _aЛенинград
_cБ. и.
_d1972
215 _a20 с.
_d20
225 1 _aВ помощь молодому офицеру ВМФ
300 _aСост. указаны на обороте тит. л.
700 1 _aГаничев
_bА.Н.
_4220
701 1 _aГасс
_bИ.П.
_4220
712 0 2 _aЦентральная военно-морская библиотека
_cЛенинград
_3RU\NLR\AUTH\889962853
_9422007
801 0 _aRU
_bNLR
_gpsbo
801 1 _aRU
_bELAR
_2rusmarc
852 _aNLR
_jС357-420/О-75
942 _cBOOK
980 _aNB